Database system concepts (Record no. 489)

000 -LEADER
fixed length control field 00571nam a22002297a 4500
001 - CONTROL NUMBER
control field 489
003 - CONTROL NUMBER IDENTIFIER
control field BD-DhUET
008 - FIXED-LENGTH DATA ELEMENTS--GENERAL INFORMATION
fixed length control field 140722b xxu||||| |||| 00| 0 eng d
020 ## - INTERNATIONAL STANDARD BOOK NUMBER
International Standard Book Number 007124476X
040 ## - CATALOGING SOURCE
Transcribing agency 0
Modifying agency BD-DhUET
082 ## - DEWEY DECIMAL CLASSIFICATION NUMBER
Classification number 005.74
Item number SIL/2006
100 ## - MAIN ENTRY--PERSONAL NAME
Personal name Silberschatz, Abraham
245 ## - TITLE STATEMENT
Title Database system concepts
250 ## - EDITION STATEMENT
Edition statement 5th ed.
260 ## - PUBLICATION, DISTRIBUTION, ETC. (IMPRINT)
Place of publication, distribution, etc. Boston
Name of publisher, distributor, etc. McGraw-Hill
Date of publication, distribution, etc. 2006
300 ## - PHYSICAL DESCRIPTION
Extent xxvi,1142p.
Other physical details ill.
504 ## - BIBLIOGRAPHY, ETC. NOTE
Bibliography, etc Includes bibliographies
650 #0 - SUBJECT ADDED ENTRY--TOPICAL TERM
Topical term or geographic name as entry element Database management
700 ## - ADDED ENTRY--PERSONAL NAME
Personal name Korth, Henry F.
700 ## - ADDED ENTRY--PERSONAL NAME
Personal name Sudarshan, S.
942 ## - ADDED ENTRY ELEMENTS (KOHA)
Koha item type General Book
Holdings
Price effective from Damaged status Not for loan Piece designation (barcode) Koha renewals Koha normalized classification for sorting Location (home branch) Copy number Shelving location Source of classification or shelving scheme Lost status Koha date last borrowed Koha issues (times borrowed) Withdrawn status Koha full call number Koha date last seen Koha item type Sublocation or collection (holding branch) Date acquired
2014-07-22  103320 007_000000000000000_74SIL2006Central Library, BUET1Circulation section     007.74/SIL/20062014-07-22General BookCentral Library, BUET2014-07-22
2014-07-22  1033212007_000000000000000_74SIL2006Central Library, BUET2Circulation section     007.74/SIL/20062016-12-24General BookCentral Library, BUET2014-07-22
2014-08-25  103322 005_740000000000000_SIL2006Central Library, BUET3Circulation section     005.74 SIL/20062014-08-25General BookCentral Library, BUET2014-08-25
2014-08-25  103323 005_000000000000000_74SIL2006Central Library, BUET4Circulation section  2021-12-041 005.74/SIL/20062021-12-18General BookCentral Library, BUET2014-08-25
2014-08-25  103324 005_000000000000000_74SIL2006Central Library, BUET5Circulation section     005.74/SIL/20062014-08-25General BookCentral Library, BUET2014-08-25
2014-08-25  103325 005_740000000000000_SIL_2006Central Library, BUET6Circulation section     005.74/SIL/20062014-08-25General BookCentral Library, BUET2014-08-25
2014-08-25  103326 005_740000000000000_SIL_2006Central Library, BUET7Circulation section  2017-07-011 005.74/SIL/20062017-07-16General BookCentral Library, BUET2014-08-25
2014-08-25  103327 005_000000000000000_74SIL2006Central Library, BUET8Circulation section     005.74/SIL/20062014-08-25General BookCentral Library, BUET2014-08-25
2014-08-25  103328 005_000000000000000_74SIL2006Central Library, BUET9Circulation section     005.74/SIL/20062014-08-25General BookCentral Library, BUET2014-08-25
2014-08-25  103329 005_000000000000000_74SIL2006Central Library, BUET10Circulation section     005.74/SIL/20062014-08-25General BookCentral Library, BUET2014-08-25
2015-06-09  102172 005_740000000000000_SIL_2006Central Library, BUET11Reading section     005.74/SIL/20062015-06-09Reading ItemCentral Library, BUET2015-06-09
2015-06-09  102554 005_740000000000000_SIL_2006Central Library, BUET12Reading section     005.74/SIL/20062015-06-09Reading ItemCentral Library, BUET2015-06-09